[Event "SVK-ch U14"]
[Site "Tatralandia"]
[Date "2025.05.18"]
[Round "9"]
[White "Csolle, Robert"]
[Black "Pitak, Patrik"]
[Result "1-0"]
[WhiteElo "1619"]
[BlackElo "1580"]
[PlyCount "47"]
[EventDate "2025.05.11"]
[EventType "swiss"]
[EventRounds "9"]
[EventCountry "SVK"]
[SourceTitle "CB21_2025"]
[SourceDate "2025.05.21"]
[SourceVersion "1"]
[SourceVersionDate "2025.05.21"]
[SourceQuality "1"]

1. e4 e5 2. Nf3 Nc6 3. Bb5 a6 4. Ba4 Bc5 5. 0-0 Nf6 6. d3 0-0 7. Bg5 d5 8. exd5 Qxd5 9. Nc3 Qd6 10. h3 b5 11. Bb3 Na5 12. Re1 Nxb3 13. axb3 Nd5 14. Nxd5 Qxd5 15. Rxe5 Qd6 16. Be7 Qg6 17. Bxc5 Rd8 18. Bd4 f6 19. Re3 Bxh3 20. Nh4 Qg5 21. Rxh3 Rxd4 22. Nf3 Qg4 23. Nxd4 Qxd4 24. c3 1-0

[Event "SVK-ch U14"]
[Site "Tatralandia"]
[Date "2025.05.11"]
[Round "1"]
[White "Brojo, Alex"]
[Black "Csolle, Robert"]
[Result "1-0"]
[WhiteElo "1000"]
[BlackElo "1619"]
[PlyCount "77"]
[EventDate "2025.05.11"]
[EventType "swiss"]
[EventRounds "9"]
[EventCountry "SVK"]
[SourceTitle "CB21_2025"]
[SourceDate "2025.05.21"]
[SourceVersion "1"]
[SourceVersionDate "2025.05.21"]
[SourceQuality "1"]

1. e4 c5 2. Nf3 Nc6 3. Nc3 g6 4. d4 cxd4 5. Nxd4 Bg7 6. Be3 Nf6 7. Bc4 0-0 8. Qf3 Ne5 9. Qe2 Nfg4 10. 0-0-0 Nxe3 11. fxe3 d6 12. h3 Bh6 13. Rde1 Qb6 14. Nf3 Nxc4 15. Qxc4 Bxe3+ 16. Kb1 Be6 17. Qd3 Bc5 18. Nd5 Bxd5 19. exd5 Rfe8 20. Rhf1 a5 21. Ng5 Bd4 22. c3 Bf6 23. h4 Rac8 24. Ka1 a4 25. Qe3 a3 26. Qxb6 axb2+ 27. Kxb2 Bxc3+ 28. Kb1 Bxe1 29. Rxe1 h6 30. Nf3 f5 31. Nd4 Ra8 32. Ne6 Ra6 33. Qxb7 Rea8 34. Qxe7 R6a7 35. Qf6 Rb8+ 36. Ka1 Rba8 37. Qxg6+ Kh8 38. Qxh6+ Kg8 39. Re2 1-0